LEADER 00810nam0-2200277 --450 001 9910305458703321 005 20190128143641.0 010 $a978-88-575-4201-0 100 $a20190128d2017----kmuy0itay5050 ba 101 $aita 102 $aIT 105 $aa 001yy 200 1 $aEuropa oltre le nazioni$euna sfida aperta$fa cura di Angela Maria Scullica 210 $aMilano$aUdine$cMimesis$d2017 215 $a265 p.$d21 cm 225 1 $aEuropa - Economia e finanza$v1 610 0 $aUnione Europea$aOrdinamento finanziario 676 $a343.2403$v23$zita 702 1$aScullica,$bAngela Maria 801 0$aIT$bUNINA$gREICAT$2UNIMARC 901 $aBK 912 $a9910305458703321 952 $aPR. 7$b267/2018$fFSPBC 959 $aFSPBC 996 $aEuropa oltre le nazioni$91544794 997 $aUNINA